|
|
|
|
| LEADER |
00000cam a2200000 a 4500 |
| 001 |
vtls011698374 |
| 003 |
SK-MaSNL |
| 005 |
20260301140856.0 |
| 008 |
170621s2017 xr a 001 0ccze |
| 020 |
|
|
|a 9788072614974
|q (viazané)
|
| 040 |
|
|
|a SNK
|b slo
|c SNK
|e AACR2
|
| 041 |
1 |
|
|a cze
|h eng
|
| 044 |
|
|
|a xr
|c CZ
|
| 072 |
|
7 |
|a 316.4/.7
|x Sociálne interakcie
|2 konspekt
|
| 072 |
|
7 |
|a 005
|x Manažment. Riadenie
|2 konspekt
|
| 080 |
|
|
|a 316.772.4
|2 2011
|
| 080 |
|
|
|a 005.57
|2 2011
|
| 080 |
|
|
|a 316.776.33
|2 2001
|
| 080 |
|
|
|a (048.8:082)
|2 2011
|
| 080 |
|
|
|a (035)
|2 2011
|
| 240 |
1 |
0 |
|a On communication
|l Česky
|
| 245 |
0 |
0 |
|a O komunikaci
|b 10 nejlepších příspěvků z Harvard Business Review
|c [překlad: Tomáš Piňos]
|
| 250 |
|
|
|a 1. vydání
|
| 260 |
|
|
|a Praha
|b Management Press
|c 2017
|
| 300 |
|
|
|a 201 s.
|b tab.
|c 22 cm
|
| 490 |
1 |
|
|a Knihovna světového managementu
|
| 500 |
|
|
|a Profesijné údaje o autoroch na konci
|
| 546 |
|
|
|a Obsahuje register
|
| 610 |
2 |
7 |
|a Harvard Business Review
|2 SNKKA
|9 494106
|
| 650 |
0 |
7 |
|a interpersonálna komunikácia
|2 SNKPH
|9 2690
|
| 650 |
0 |
7 |
|a manažérska komunikácia
|2 SNKPH
|9 4055
|
| 650 |
0 |
7 |
|a persuázia
|2 SNKPH
|9 4969
|
| 650 |
0 |
7 |
|a Interpersonal communication
|2 SNKPHeng
|9 306572
|
| 650 |
0 |
7 |
|a Communication in management
|2 SNKPHeng
|9 266180
|
| 650 |
0 |
7 |
|a Persuasion
|2 SNKPHeng
|9 334473
|
| 655 |
|
7 |
|a kolektívne monografie
|2 SNKPH
|9 249850
|
| 655 |
|
7 |
|a Collective monographs
|2 SNKPHeng
|9 125747
|
| 655 |
|
7 |
|a príručky
|2 SNKPH
|9 74364
|
| 655 |
|
7 |
|a Handbooks, manuals, etc.
|2 SNKPHeng
|9 90964
|
| 700 |
1 |
|
|a Piňos, Tomáš
|4 trl
|9 73561
|
| 830 |
|
0 |
|a Knihovna světového managementu
|9 350098
|
| 919 |
|
|
|a 978-80-7261-497-4
|
| 958 |
|
|
|a NB
|
| 958 |
|
|
|a CZ
|
| 958 |
|
|
|a OP
|
| 999 |
|
|
|c 765294
|d 767224
|
| 952 |
|
|
|t snkKOM 316.772
|a SNKUST
|b SNKUST
|y PREZ
|7 0
|p 17A1261027
|o snkIC 143313
|i snk2017/14631
|8 3
|g 11.88
|0 0
|1 0
|4 0
|d 2017-06-21
|l 0
|r 2025-04-29 00:00:00
|w 2026-02-24
|